<?xml version="1.0" encoding="UTF-8"?>
<record
    xmlns:xsi="http://www.w3.org/2001/XMLSchema-instance"
    xsi:schemaLocation="http://www.loc.gov/MARC21/slim http://www.loc.gov/standards/marcxml/schema/MARC21slim.xsd"
    xmlns="http://www.loc.gov/MARC21/slim">

  <leader>00578nom a22002297a 4500</leader>
  <controlfield tag="005">20230425215147.0</controlfield>
  <controlfield tag="008">161205b        xxu||||| |||| 00| 0 spa d</controlfield>
  <datafield tag="041" ind1=" " ind2=" ">
    <subfield code="a">SPA</subfield>
  </datafield>
  <datafield tag="082" ind1=" " ind2=" ">
    <subfield code="a">Cr&#xE1;neo</subfield>
  </datafield>
  <datafield tag="245" ind1=" " ind2=" ">
    <subfield code="a">Cr&#xE1;neo</subfield>
  </datafield>
  <datafield tag="260" ind1=" " ind2=" ">
    <subfield code="c">2016</subfield>
  </datafield>
  <datafield tag="300" ind1=" " ind2=" ">
    <subfield code="a">0.8 kg</subfield>
  </datafield>
  <datafield tag="500" ind1=" " ind2=" ">
    <subfield code="a">Se prestan para el mismo d&#xED;a, hasta las 7:50 pm</subfield>
  </datafield>
  <datafield tag="650" ind1=" " ind2=" ">
    <subfield code="a">CR&#xC1;NEO</subfield>
    <subfield code="9">74926</subfield>
  </datafield>
  <datafield tag="650" ind1=" " ind2=" ">
    <subfield code="a">ANATOM&#xCD;A</subfield>
    <subfield code="9">74927</subfield>
  </datafield>
  <datafield tag="650" ind1=" " ind2=" ">
    <subfield code="a">CABEZA Y CUELLO</subfield>
    <subfield code="9">74928</subfield>
  </datafield>
  <datafield tag="650" ind1=" " ind2=" ">
    <subfield code="a">HUESOS</subfield>
    <subfield code="9">74929</subfield>
  </datafield>
  <datafield tag="650" ind1=" " ind2=" ">
    <subfield code="a">DIENTES</subfield>
    <subfield code="9">74930</subfield>
  </datafield>
  <datafield tag="650" ind1=" " ind2=" ">
    <subfield code="a">MODELOS ANAT&#xD3;MICOS</subfield>
    <subfield code="9">74931</subfield>
  </datafield>
  <datafield tag="650" ind1=" " ind2=" ">
    <subfield code="a">MEC&#xC1;NICA DENTAL</subfield>
    <subfield code="9">74932</subfield>
  </datafield>
  <datafield tag="942" ind1=" " ind2=" ">
    <subfield code="c">MA</subfield>
  </datafield>
  <datafield tag="999" ind1=" " ind2=" ">
    <subfield code="c">8668</subfield>
    <subfield code="d">8668</subfield>
  </datafield>
  <datafield tag="952" ind1=" " ind2=" ">
    <subfield code="0">0</subfield>
    <subfield code="1">0</subfield>
    <subfield code="4">0</subfield>
    <subfield code="7">0</subfield>
    <subfield code="g">85000.00</subfield>
    <subfield code="l">54</subfield>
    <subfield code="o">Cr&#xE1;neo</subfield>
    <subfield code="p">ACT-1926</subfield>
    <subfield code="r">2023-04-20 00:00:00</subfield>
    <subfield code="s">2023-04-20</subfield>
    <subfield code="y">MA</subfield>
  </datafield>
  <datafield tag="952" ind1=" " ind2=" ">
    <subfield code="0">0</subfield>
    <subfield code="1">0</subfield>
    <subfield code="4">0</subfield>
    <subfield code="7">0</subfield>
    <subfield code="g">85000.00</subfield>
    <subfield code="l">53</subfield>
    <subfield code="o">Cr&#xE1;neo</subfield>
    <subfield code="p">ACT-1927</subfield>
    <subfield code="r">2023-02-07 00:00:00</subfield>
    <subfield code="s">2023-02-07</subfield>
    <subfield code="y">MA</subfield>
  </datafield>
  <datafield tag="952" ind1=" " ind2=" ">
    <subfield code="0">0</subfield>
    <subfield code="1">0</subfield>
    <subfield code="4">0</subfield>
    <subfield code="7">0</subfield>
    <subfield code="g">85000.00</subfield>
    <subfield code="l">51</subfield>
    <subfield code="o">Cr&#xE1;neo</subfield>
    <subfield code="p">ACT-1928</subfield>
    <subfield code="r">2025-04-25 14:01:44</subfield>
    <subfield code="s">2025-04-21</subfield>
    <subfield code="y">MA</subfield>
  </datafield>
  <datafield tag="952" ind1=" " ind2=" ">
    <subfield code="0">0</subfield>
    <subfield code="1">0</subfield>
    <subfield code="4">0</subfield>
    <subfield code="7">0</subfield>
    <subfield code="g">85000.00</subfield>
    <subfield code="l">36</subfield>
    <subfield code="o">Cr&#xE1;neo</subfield>
    <subfield code="p">ACT-1929</subfield>
    <subfield code="r">2026-03-09 19:44:15</subfield>
    <subfield code="s">2026-03-09</subfield>
    <subfield code="y">MA</subfield>
  </datafield>
  <datafield tag="952" ind1=" " ind2=" ">
    <subfield code="0">0</subfield>
    <subfield code="1">0</subfield>
    <subfield code="4">0</subfield>
    <subfield code="7">0</subfield>
    <subfield code="g">85000.00</subfield>
    <subfield code="l">20</subfield>
    <subfield code="o">Cr&#xE1;neo</subfield>
    <subfield code="p">ACT-1930</subfield>
    <subfield code="r">2023-02-07 00:00:00</subfield>
    <subfield code="s">2023-02-07</subfield>
    <subfield code="y">MA</subfield>
  </datafield>
  <datafield tag="952" ind1=" " ind2=" ">
    <subfield code="0">0</subfield>
    <subfield code="1">0</subfield>
    <subfield code="4">0</subfield>
    <subfield code="7">0</subfield>
    <subfield code="g">85000.00</subfield>
    <subfield code="l">31</subfield>
    <subfield code="o">Cr&#xE1;neo</subfield>
    <subfield code="p">ACT-1931</subfield>
    <subfield code="r">2020-02-11 00:00:00</subfield>
    <subfield code="s">2020-02-11</subfield>
    <subfield code="y">MA</subfield>
  </datafield>
  <datafield tag="952" ind1=" " ind2=" ">
    <subfield code="0">0</subfield>
    <subfield code="1">0</subfield>
    <subfield code="4">0</subfield>
    <subfield code="7">0</subfield>
    <subfield code="g">85000.00</subfield>
    <subfield code="l">16</subfield>
    <subfield code="o">Cr&#xE1;neo</subfield>
    <subfield code="p">ACT-1932</subfield>
    <subfield code="r">2024-10-18 09:08:30</subfield>
    <subfield code="s">2024-10-18</subfield>
    <subfield code="y">MA</subfield>
  </datafield>
  <datafield tag="952" ind1=" " ind2=" ">
    <subfield code="0">0</subfield>
    <subfield code="1">0</subfield>
    <subfield code="4">0</subfield>
    <subfield code="7">0</subfield>
    <subfield code="g">85000.00</subfield>
    <subfield code="l">36</subfield>
    <subfield code="o">Cr&#xE1;neo</subfield>
    <subfield code="p">ACT-1933</subfield>
    <subfield code="r">2024-01-29 11:48:58</subfield>
    <subfield code="s">2024-01-29</subfield>
    <subfield code="y">MA</subfield>
  </datafield>
  <datafield tag="952" ind1=" " ind2=" ">
    <subfield code="0">0</subfield>
    <subfield code="1">0</subfield>
    <subfield code="4">0</subfield>
    <subfield code="7">0</subfield>
    <subfield code="g">85000.00</subfield>
    <subfield code="l">46</subfield>
    <subfield code="o">Cr&#xE1;neo</subfield>
    <subfield code="p">ACT-1934</subfield>
    <subfield code="r">2022-09-27 00:00:00</subfield>
    <subfield code="s">2022-09-27</subfield>
    <subfield code="y">MA</subfield>
  </datafield>
  <datafield tag="952" ind1=" " ind2=" ">
    <subfield code="0">0</subfield>
    <subfield code="1">0</subfield>
    <subfield code="4">0</subfield>
    <subfield code="7">0</subfield>
    <subfield code="g">85000.00</subfield>
    <subfield code="l">30</subfield>
    <subfield code="o">Cr&#xE1;neo</subfield>
    <subfield code="p">ACT-1935</subfield>
    <subfield code="r">2023-07-17 00:00:00</subfield>
    <subfield code="s">2023-07-17</subfield>
    <subfield code="y">MA</subfield>
  </datafield>
  <datafield tag="952" ind1=" " ind2=" ">
    <subfield code="0">0</subfield>
    <subfield code="1">0</subfield>
    <subfield code="4">0</subfield>
    <subfield code="7">0</subfield>
    <subfield code="g">85000.00</subfield>
    <subfield code="l">42</subfield>
    <subfield code="o">Cr&#xE1;neo</subfield>
    <subfield code="p">ACT-1936</subfield>
    <subfield code="r">2023-02-07 00:00:00</subfield>
    <subfield code="s">2023-02-07</subfield>
    <subfield code="y">MA</subfield>
  </datafield>
  <datafield tag="952" ind1=" " ind2=" ">
    <subfield code="0">0</subfield>
    <subfield code="1">0</subfield>
    <subfield code="4">0</subfield>
    <subfield code="7">0</subfield>
    <subfield code="g">85000.00</subfield>
    <subfield code="l">24</subfield>
    <subfield code="o">Cr&#xE1;neo</subfield>
    <subfield code="p">ACT-1937</subfield>
    <subfield code="r">2023-02-13 00:00:00</subfield>
    <subfield code="s">2023-02-13</subfield>
    <subfield code="y">MA</subfield>
  </datafield>
  <datafield tag="952" ind1=" " ind2=" ">
    <subfield code="0">0</subfield>
    <subfield code="1">0</subfield>
    <subfield code="4">0</subfield>
    <subfield code="7">0</subfield>
    <subfield code="g">85000.00</subfield>
    <subfield code="l">51</subfield>
    <subfield code="o">Cr&#xE1;neo</subfield>
    <subfield code="p">ACT-1938</subfield>
    <subfield code="r">2024-07-08 19:56:29</subfield>
    <subfield code="s">2024-07-08</subfield>
    <subfield code="y">MA</subfield>
  </datafield>
  <datafield tag="952" ind1=" " ind2=" ">
    <subfield code="0">0</subfield>
    <subfield code="1">0</subfield>
    <subfield code="4">0</subfield>
    <subfield code="7">0</subfield>
    <subfield code="g">85000.00</subfield>
    <subfield code="l">20</subfield>
    <subfield code="o">Cr&#xE1;neo</subfield>
    <subfield code="p">ACT-1966</subfield>
    <subfield code="r">2023-02-07 00:00:00</subfield>
    <subfield code="s">2023-02-07</subfield>
    <subfield code="y">MA</subfield>
  </datafield>
  <datafield tag="952" ind1=" " ind2=" ">
    <subfield code="0">0</subfield>
    <subfield code="1">0</subfield>
    <subfield code="4">0</subfield>
    <subfield code="7">0</subfield>
    <subfield code="g">85000.00</subfield>
    <subfield code="l">22</subfield>
    <subfield code="o">Cr&#xE1;neo</subfield>
    <subfield code="p">ACT-1967</subfield>
    <subfield code="r">2023-03-03 00:00:00</subfield>
    <subfield code="s">2023-03-03</subfield>
    <subfield code="y">MA</subfield>
  </datafield>
  <datafield tag="952" ind1=" " ind2=" ">
    <subfield code="0">0</subfield>
    <subfield code="1">0</subfield>
    <subfield code="4">0</subfield>
    <subfield code="7">0</subfield>
    <subfield code="g">85000.00</subfield>
    <subfield code="l">12</subfield>
    <subfield code="o">Cr&#xE1;neo</subfield>
    <subfield code="p">ACT-1968</subfield>
    <subfield code="r">2020-02-11 00:00:00</subfield>
    <subfield code="s">2020-02-11</subfield>
    <subfield code="y">MA</subfield>
  </datafield>
  <datafield tag="952" ind1=" " ind2=" ">
    <subfield code="0">0</subfield>
    <subfield code="1">0</subfield>
    <subfield code="4">0</subfield>
    <subfield code="7">0</subfield>
    <subfield code="g">85000.00</subfield>
    <subfield code="l">6</subfield>
    <subfield code="o">Cr&#xE1;neo</subfield>
    <subfield code="p">ACT-1969</subfield>
    <subfield code="r">2020-02-07 00:00:00</subfield>
    <subfield code="s">2020-01-28</subfield>
    <subfield code="y">MA</subfield>
  </datafield>
  <datafield tag="952" ind1=" " ind2=" ">
    <subfield code="0">0</subfield>
    <subfield code="1">0</subfield>
    <subfield code="4">0</subfield>
    <subfield code="7">0</subfield>
    <subfield code="g">85000.00</subfield>
    <subfield code="l">6</subfield>
    <subfield code="o">Cr&#xE1;neo</subfield>
    <subfield code="p">ACT-1970</subfield>
    <subfield code="r">2022-10-24 00:00:00</subfield>
    <subfield code="s">2022-10-24</subfield>
    <subfield code="y">MA</subfield>
  </datafield>
  <datafield tag="952" ind1=" " ind2=" ">
    <subfield code="0">0</subfield>
    <subfield code="1">0</subfield>
    <subfield code="4">0</subfield>
    <subfield code="7">0</subfield>
    <subfield code="g">85000.00</subfield>
    <subfield code="l">8</subfield>
    <subfield code="o">Cr&#xE1;neo</subfield>
    <subfield code="p">ACT-1965</subfield>
    <subfield code="r">2020-02-11 00:00:00</subfield>
    <subfield code="s">2020-02-11</subfield>
    <subfield code="w">2017-10-03</subfield>
    <subfield code="y">MA</subfield>
  </datafield>
  <datafield tag="952" ind1=" " ind2=" ">
    <subfield code="0">0</subfield>
    <subfield code="1">0</subfield>
    <subfield code="4">0</subfield>
    <subfield code="7">0</subfield>
    <subfield code="l">0</subfield>
    <subfield code="o">Cr&#xE1;neo</subfield>
    <subfield code="p">ACT-1972</subfield>
    <subfield code="r">2019-07-23 00:00:00</subfield>
    <subfield code="t">Cr&#xE1;neo de colores</subfield>
    <subfield code="w">2019-07-23</subfield>
    <subfield code="y">MA</subfield>
  </datafield>
</record>
